El poder de acusar Ministerio fiscal y constitucionalismo /

Detalles Bibliográficos
Autor principal: De̕z-Picazo, Luis Mara̕
Formato: eBook
Lenguaje:español
Publicado: Ciudad de Mx̌ico: Instituto de ciencias penales de Mx̌ico (INACIPE), 2018
Materias:
Acceso en línea:Acceso restringido

MARC

LEADER 00000nam a22000007a 4500
005 20181123230311.0
007 cr|||| ||||
008 181123s2018 mx |||||s|||| 00||0 spa d
020 |a 978-607-8551-19-4 
035 |a 22483 
040 |a vLex 
090 |c 8323  |d 8323 
100 1 |a De̕z-Picazo, Luis Mara̕ 
245 1 2 |a El poder de acusar  |h [Recurso electrn̤ico] :  |b Ministerio fiscal y constitucionalismo /  |c Luis Mara̕ De̕z-Picazo 
256 |a Servicio en ln̕ea 
260 |a Ciudad de Mx̌ico:  |b Instituto de ciencias penales de Mx̌ico (INACIPE),  |c 2018 
300 |a 1 recurso electrn̤ico 
506 1 |a Disponible solo en los productos indicados  |d vLex Global  |d vLex Global (Academic Edition, excluding Law Schools)  |d vLex Global (U.S. Academic Edition, Law Schools)  |d vLex Global (U.S. Academic Edition, excluding Law Schools)  |d vLex Global (Academic Edition, Law Schools) 
650 0 4 |a Derecho Penal  |z Mx̌ico 
740 0 |a vLex Libros (Servicio en ln̕ea) 
856 4 0 |u http://vlex.com/source/poder-acusar-ministerio-fiscal-constitucionalismo-22483  |z Acceso restringido 
942 |c BOOK 
999 0 |a Criminal law